[Event "22nd EUR-ch (w)"]
[Site "Prague CZE"]
[Date "2022.08.30"]
[Round "10.25"]
[White "Movsesian, Julia"]
[Black "Paramzina, Anastasya"]
[Result "0-1"]
[WhiteElo "2291"]
[BlackElo "2216"]
[EventDate "2022.08.20"]
[PlyCount "96"]

1.e4 c5 2.Nf3 d6 3.Bb5+ Nd7 4.a4 Nf6 5.Nc3 a6 6.Be2 b6 7.d4 cxd4 8.Qxd4 e5
9.Qe3 Be7 10.Nd2 Bb7 11.O-O d5 12.exd5 Nxd5 13.Nxd5 Bxd5 14.Rd1 Qc7 15.Ne4
Bc6 16.Nc3 Nf6 17.Qg3 O-O 18.Bh6 Ne8 19.Bf3 Ra7 20.Be3 Bxf3 21.Qxf3 Nf6 
22.a5 Bc5 23.axb6 Bxb6 24.Bg5 Nd7 25.Qe2 Qb7 26.Nd5 Bc5 27.b4 Bd4 28.Ra5 
h6 29.Bc1 Nb6 30.c3 Nxd5 31.cxd4 Nc3 32.Qxe5 Nxd1 33.Qe1 Nxf2 34.Kxf2 Qd7 
35.Be3 Re8 36.Qc3 Qg4 37.h3 Qh4+ 38.Kg1 Rae7 39.Bf2 Qf6 40.Qg3 Re2 41.b5 
Rc8 42.bxa6 Rxf2 43.a7 Rf1+ 44.Kh2 Qxd4 45.Qb8 Kh7 46.Ra3 Qg1+ 47.Kg3 Qf2+
48.Kh2 Rcc1 0-1

[Event "22nd EUR-ch (w)"]
[Site "Prague CZE"]
[Date "2022.08.30"]
[Round "10.26"]
[White "Kanakova, Natalie"]
[Black "Blagojevic, Tijana"]
[Result "1/2-1/2"]
[WhiteElo "2171"]
[BlackElo "2291"]
[EventDate "2022.08.20"]
[PlyCount "44"]

1.Nf3 d5 2.e3 Nf6 3.c4 e6 4.b3 b6 5.Bb2 Bb7 6.Nc3 Nbd7 7.Qc2 a6 8.cxd5 
exd5 9.d4 Bd6 10.Bd3 O-O 11.O-O Re8 12.Rac1 Ne4 13.Ne2 Rc8 14.Ng3 g6 15.
Qe2 h5 16.Nd2 Ndf6 17.Bxe4 dxe4 18.Nc4 Qd7 19.Rfd1 Qg4 20.Qxg4 hxg4 21.
Nxd6 cxd6 22.Ba3 d5 1/2-1/2

[Event "22nd EUR-ch (w)"]
[Site "Prague CZE"]
[Date "2022.08.30"]
[Round "10.27"]
[White "Papp, Sarah"]
[Black "Lach, Aleksandra"]
[Result "1-0"]
[WhiteElo "2290"]
[BlackElo "2152"]
[EventDate "2022.08.20"]
[PlyCount "79"]

1.e4 c5 2.Nf3 a6 3.c4 Nc6 4.Nc3 d6 5.d4 Bg4 6.d5 Nd4 7.Be2 Bxf3 8.Bxf3 g6 
9.Be3 Nxf3+ 10.Qxf3 Bg7 11.O-O Nf6 12.a4 O-O 13.Ra3 Nd7 14.Qe2 Qb6 15.Kh1 
Rab8 16.Bg5 Rbe8 17.a5 Qc7 18.Nd1 e5 19.g4 f6 20.Bd2 Rf7 21.Rg1 Nf8 22.h4 
Qe7 23.Rh3 g5 24.Ne3 Ng6 25.Nf5 Qd8 26.Rb3 Nxh4 27.Nxh4 gxh4 28.Qf3 Bf8 
29.Qh3 h6 30.Qxh4 Rh7 31.Rf3 Bg7 32.Qh5 Re7 33.Qg6 Qf8 34.Rh3 Qf7 35.Qf5 
Bf8 36.Rg2 Rh8 37.f3 Qh7 38.Qxf6 Rf7 39.Qe6 Qg7 40.g5 1-0

[Event "22nd EUR-ch (w)"]
[Site "Prague CZE"]
[Date "2022.08.30"]
[Round "10.28"]
[White "Martynkova, Olena"]
[Black "Daulyte-Cornette, Deimante"]
[Result "1/2-1/2"]
[WhiteElo "2182"]
[BlackElo "2384"]
[EventDate "2022.08.20"]
[PlyCount "134"]

1.d4 Nf6 2.Nf3 d5 3.g3 g6 4.Bg2 c6 5.c4 dxc4 6.a4 h6 7.O-O Be6 8.Nc3 Bg7 
9.e4 Na6 10.Qe2 Nb4 11.e5 Nfd5 12.Ne4 Nd3 13.Bd2 O-O 14.b3 b5 15.bxc4 bxc4
16.Ne1 N5b4 17.Be3 f5 18.exf6 exf6 19.Nxd3 cxd3 20.Qd2 Nc2 21.Rad1 Bg4 22.
f3 Nxe3 23.Qxe3 f5 24.Nf2 f4 25.Qxd3 Bf5 26.Qc4+ Qd5 27.Qxd5+ cxd5 28.Bh3 
Bxh3 29.Nxh3 fxg3 30.hxg3 g5 31.f4 g4 32.Nf2 h5 33.Kg2 Rab8 34.Nd3 Bxd4 
35.f5 Be3 36.Nf4 Rb2+ 37.Kh1 Bxf4 38.Rxf4 Re8 39.f6 Kf7 40.Rf5 Ree2 41.
Rxh5 d4 42.Rd5 Rh2+ 43.Kg1 Rbg2+ 44.Kf1 Rf2+ 45.Kg1 Rhg2+ 46.Kh1 Rxg3 47.
R5xd4 Rgg2 48.Rd7+ Kxf6 49.Rxa7 Rh2+ 50.Kg1 Rhg2+ 51.Kh1 Kg5 52.Rh7 Kf4 
53.Rg1 Rxg1+ 54.Kxg1 Kg3 55.Rb7 Rg2+ 56.Kh1 Ra2 57.Rb3+ Kf2 58.Kh2 Rxa4 
59.Rb2+ Kf3 60.Rb3+ Kf4 61.Kg2 Ra2+ 62.Kg1 Kg5 63.Rc3 Kh4 64.Rb3 Ra1+ 65.
Kg2 Ra2+ 66.Kg1 g3 67.Rb8 Ra1+ 1/2-1/2

[Event "22nd EUR-ch (w)"]
[Site "Prague CZE"]
[Date "2022.08.30"]
[Round "10.29"]
[White "Zawadzka, Jolanta"]
[Black "Pavlidou, Ekaterini"]
[Result "1-0"]
[WhiteElo "2412"]
[BlackElo "2158"]
[EventDate "2022.08.20"]
[PlyCount "93"]

1.e4 c5 2.Nf3 Nc6 3.Bb5 e6 4.O-O Nge7 5.Re1 a6 6.Bf1 d5 7.exd5 Nxd5 8.d4 
cxd4 9.Nxd4 Bc5 10.Nxc6 bxc6 11.Nd2 O-O 12.Ne4 Ba7 13.Qf3 h6 14.c4 f5 15.
Ng3 Nb4 16.Rd1 Qe7 17.Qe2 c5 18.Bf4 Bb8 19.Bxb8 Rxb8 20.Rd2 Nc6 21.f4 Bb7 
22.Rad1 Nd4 23.Qe5 Bc6 24.Rxd4 cxd4 25.Nxf5 Qa7 26.Qxe6+ Kh8 27.Qxc6 d3+ 
28.Kh1 Rxf5 29.Qe4 Rbf8 30.Bxd3 g6 31.g3 Qg7 32.Qe2 R5f7 33.c5 a5 34.c6 
Re7 35.Qc2 Rd8 36.Rc1 Qd4 37.Bf1 Kh7 38.Bg2 Rde8 39.h4 Re2 40.Qc4 Re1+ 41.
Kh2 Qg1+ 42.Kh3 Rxc1 43.Qf7+ Kh8 44.Qxe8+ Kg7 45.Qe7+ Kh8 46.Qf6+ Kh7 47.
h5 1-0

[Event "22nd EUR-ch (w)"]
[Site "Prague CZE"]
[Date "2022.08.30"]
[Round "10.30"]
[White "Melia, Salome"]
[Black "Pipiras, Filipa Fortuna"]
[Result "1-0"]
[WhiteElo "2384"]
[BlackElo "2135"]
[EventDate "2022.08.20"]
[PlyCount "73"]

1.e4 c5 2.Nf3 e6 3.d4 cxd4 4.Nxd4 Nf6 5.Nc3 Nc6 6.a3 Be7 7.Nxc6 bxc6 8.e5 
Nd5 9.Qg4 g6 10.Qg3 d6 11.Nxd5 exd5 12.Bh6 Be6 13.Qc3 Kd7 14.Bg7 Rg8 15.
exd6 Bxd6 16.Bf6 Qb6 17.Bd3 c5 18.O-O Rab8 19.Qd2 Rge8 20.Kh1 d4 21.b4 
cxb4 22.Bxd4 Qc6 23.axb4 Rxb4 24.Rxa7+ Rb7 25.Rxb7+ Qxb7 26.c4 Rc8 27.Rb1 
Qc7 28.c5 Bf4 29.Qe2 Rb8 30.Ra1 Rb4 31.Be3 Bxe3 32.Qxe3 Qb7 33.Ra7 Qxa7 
34.c6+ Kxc6 35.Qxa7 Kd6 36.Qa3 Kc5 37.Qa5+ 1-0

[Event "22nd EUR-ch (w)"]
[Site "Prague CZE"]
[Date "2022.08.30"]
[Round "10.31"]
[White "Radeva, Viktoria"]
[Black "Kazarian, Anna-Maja"]
[Result "1-0"]
[WhiteElo "2289"]
[BlackElo "2139"]
[EventDate "2022.08.20"]
[PlyCount "123"]

1.e4 c5 2.Nf3 e6 3.d4 cxd4 4.Nxd4 Nf6 5.Nc3 Nc6 6.Ndb5 Bc5 7.Nd6+ Ke7 8.
Bf4 e5 9.Nf5+ Kf8 10.Bg5 h6 11.Bxf6 Qxf6 12.Ne3 d6 13.Bc4 Be6 14.Bxe6 Qxe6
15.Ncd5 Rc8 16.Qd3 a6 17.c3 g6 18.O-O Kg7 19.b4 Ba7 20.a4 Nb8 21.Kh1 Nd7 
22.Rad1 Rhf8 23.f4 exf4 24.Nxf4 Qe7 25.Nc4 Ne5 26.Nxe5 dxe5 27.Nd5 Qd7 28.
Qg3 Qe8 29.Rd3 Bb8 30.Qh4 Rc6 31.Rh3 g5 32.Qh5 Rg6 33.Ne3 Qe6 34.Rhf3 Ba7 
35.Ng4 f6 36.h3 Kh7 37.Rf5 Bb8 38.Ne3 Bd6 39.R5f3 Rf7 40.Nf5 Bf8 41.Rd3 g4
42.Rfd1 Rg5 43.Qxf7+ Qxf7 44.Rd7 Rg7 45.Rxf7 Rxf7 46.hxg4 Rc7 47.Rd8 Kg8 
48.Nxh6+ Kg7 49.Nf5+ Kf7 50.Rd3 Rc4 51.Rd7+ Kg6 52.Rxb7 Rxc3 53.Rb8 Kf7 
54.b5 axb5 55.axb5 Bc5 56.b6 Rc1+ 57.Kh2 Bg1+ 58.Kh3 Rc3+ 59.g3 Rc2 60.g5 
fxg5 61.b7 Rb2 62.Ra8 1-0

[Event "22nd EUR-ch (w)"]
[Site "Prague CZE"]
[Date "2022.08.30"]
[Round "10.32"]
[White "Van Foreest, Machteld"]
[Black "Rudzinska, Michalina"]
[Result "1/2-1/2"]
[WhiteElo "2235"]
[BlackElo "2287"]
[EventDate "2022.08.20"]
[PlyCount "183"]

1.e4 c6 2.Nf3 d5 3.d3 Qc7 4.e5 Bg4 5.d4 e6 6.h3 Bxf3 7.Qxf3 c5 8.Bb5+ Nc6 
9.c3 cxd4 10.cxd4 Qb6 11.Qd3 Ne7 12.Nc3 a6 13.Ba4 Nf5 14.Be3 Nxe3 15.fxe3 
Be7 16.O-O O-O 17.Bxc6 bxc6 18.Na4 Qb5 19.Qc2 Rac8 20.Rac1 Rc7 21.Rf2 Rfc8
22.Nc5 Bxc5 23.Qxc5 Qd3 24.Qc3 Qg6 25.Qa3 c5 26.Qxa6 c4 27.Rc3 h6 28.Rfc2 
Rb8 29.Qa3 Qg5 30.b3 cxb3 31.Rxc7 bxc2 32.Rxc2 Qf5 33.Qc1 Kh7 34.Rb2 Rxb2 
35.Qxb2 Qd3 36.Qc1 Qb5 37.Qc2+ g6 38.a4 Qa5 39.Kf2 Kg7 40.Ke2 Qa6+ 41.Ke1 
Qa5+ 42.Kd1 h5 43.Qb3 h4 44.Ke2 Qc7 45.Kd3 Qc1 46.Qc2 Qa3+ 47.Ke2 Qa1 48.
Qd1 Qb2+ 49.Qd2 Qb3 50.a5 Qb5+ 51.Kf2 Qa6 52.Qe1 g5 53.Qd2 Kg6 54.Kg1 Kg7 
55.Qe1 Qb5 56.Qa1 Qa6 57.Kh2 Kg6 58.Qb1+ Kg7 59.Qe1 Qb5 60.Qd2 Qa6 61.e4 
dxe4 62.Qxg5+ Kf8 63.Qd8+ Kg7 64.Qf6+ Kg8 65.Qxh4 Qd3 66.Qg3+ Kh7 67.Qh4+ 
Kg8 68.Qd8+ Kg7 69.Qg5+ Kf8 70.Qh6+ Kg8 71.a6 Qxa6 72.d5 Qd3 73.Qg5+ Kh7 
74.Qh5+ Kg7 75.dxe6 fxe6 76.Qg5+ Kh7 77.Qe7+ Kh8 78.Qf8+ Kh7 79.Qf7+ Kh8 
80.Qxe6 e3 81.Qe8+ Kg7 82.Qe7+ Kg6 83.Qf6+ Kh7 84.Qh4+ Kg7 85.Qg3+ Kh7 86.
e6 Qe4 87.Qc7+ Kh6 88.e7 e2 89.Qd6+ Kh7 90.Qc7 Kh6 91.Qd6+ Kh7 92.Qc7 
1/2-1/2

[Event "22nd EUR-ch (w)"]
[Site "Prague CZE"]
[Date "2022.08.30"]
[Round "10.33"]
[White "Doluhanova, Evgeniya"]
[Black "Froewis, Annika"]
[Result "1-0"]
[WhiteElo "2278"]
[BlackElo "2044"]
[EventDate "2022.08.20"]
[PlyCount "65"]

1.c4 e6 2.e4 d5 3.cxd5 exd5 4.exd5 Nf6 5.d4 Bb4+ 6.Nc3 O-O 7.a3 Re8+ 8.Be2
Bf8 9.Bg5 h6 10.Bxf6 Qxf6 11.Nf3 Nd7 12.O-O a6 13.Bd3 Qd8 14.Qb3 b6 15.
Rfe1 Rxe1+ 16.Rxe1 Nf6 17.Ne5 Qd6 18.Ne4 Nxe4 19.Bxe4 Ra7 20.Qf3 c5 21.
dxc6 Qxd4 22.Bd5 Be6 23.Bxe6 fxe6 24.Nd7 Rxd7 25.cxd7 Qxd7 26.Qe2 Kf7 27.
Qxa6 Bc5 28.Qe2 Bd4 29.g3 Qd5 30.b4 e5 31.Rc1 Kf6 32.Qc2 b5 33.Qc6+ 1-0

[Event "22nd EUR-ch (w)"]
[Site "Prague CZE"]
[Date "2022.08.30"]
[Round "10.34"]
[White "Nilssen, Ellen Fredericia"]
[Black "Gaboian, Susanna"]
[Result "1-0"]
[WhiteElo "2139"]
[BlackElo "2270"]
[EventDate "2022.08.20"]
[PlyCount "79"]

1.c4 Nf6 2.Nc3 d5 3.cxd5 Nxd5 4.g3 g6 5.Bg2 Nxc3 6.bxc3 Bg7 7.h4 h5 8.Rb1 
Nc6 9.Nf3 O-O 10.O-O e5 11.Ng5 Qf6 12.Ba3 Re8 13.Ne4 Qe6 14.Qc2 Rb8 15.Nc5
Qf6 16.Qa4 Bf5 17.Rxb7 Rxb7 18.Nxb7 e4 19.d3 Rb8 20.Nc5 Qxc3 21.Rc1 Qa5 
22.Qxa5 Nxa5 23.Nxe4 c6 24.Rc5 Rb1+ 25.Kh2 Rb5 26.Rxb5 cxb5 27.Nd6 Be6 28.
Nxb5 Bxa2 29.Kg1 a6 30.Nc7 Nb3 31.Nxa6 Nd4 32.e3 Ne2+ 33.Kh2 Bb1 34.d4 Nc3
35.d5 Nb5 36.Be7 f5 37.Bf1 Nc3 38.d6 Bf8 39.Bf6 Ne4 40.Bc4+ 1-0

[Event "22nd EUR-ch (w)"]
[Site "Prague CZE"]
[Date "2022.08.30"]
[Round "10.35"]
[White "Lomaia, Diana"]
[Black "Gajcin, Marina"]
[Result "0-1"]
[WhiteElo "1955"]
[BlackElo "2244"]
[EventDate "2022.08.20"]
[PlyCount "136"]

1.d4 Nf6 2.c4 g6 3.f3 c5 4.d5 d6 5.e4 Bg7 6.Nc3 O-O 7.Nge2 e6 8.Ng3 exd5 
9.cxd5 a6 10.a4 Nbd7 11.Be2 Ne8 12.O-O Bd4+ 13.Kh1 Qh4 14.Qd2 h5 15.Bd1 
Ne5 16.Nce2 Nc4 17.Qc2 Ne3 18.Bxe3 Bxe3 19.Qc3 Bh6 20.e5 Bg7 21.f4 Qe7 22.
exd6 Nxd6 23.Qxc5 h4 24.Rb1 hxg3 25.Nxg3 Bf5 26.Nxf5 Nxf5 27.Qxe7 Nxe7 28.
Bf3 Rfd8 29.Rfd1 Nf5 30.b4 Nd6 31.Rdc1 Rac8 32.g3 Rc3 33.Rxc3 Bxc3 34.Rb3 
Rc8 35.b5 axb5 36.axb5 b6 37.Bg4 f5 38.Be2 Rc5 39.Ra3 Ba5 40.Re3 Rxd5 41.
Kg2 Kg7 42.Re5 Rxe5 43.fxe5 Nf7 44.e6 Nd6 45.Kf3 Kf6 46.g4 fxg4+ 47.Kxg4 
g5 48.h4 gxh4 49.Kxh4 Kxe6 50.Kg4 Ke5 51.Kf3 Kd4 52.Bf1 Bc3 53.Ke2 Nxb5 
54.Kd1 Na3 55.Kc1 b5 56.Bxb5 Nxb5 57.Kc2 Kc4 58.Kd1 Kd3 59.Kc1 Na3 60.Kd1 
Nc4 61.Kc1 Bd2+ 62.Kb1 Bg5 63.Ka1 Kc2 64.Ka2 Bh6 65.Ka1 Bc1 66.Ka2 Nb6 67.
Ka1 Nd5 68.Ka2 Nc3+ 0-1

[Event "22nd EUR-ch (w)"]
[Site "Prague CZE"]
[Date "2022.08.30"]
[Round "10.36"]
[White "Marcinczyk, Monika"]
[Black "Kubicka, Anna"]
[Result "0-1"]
[WhiteElo "1934"]
[BlackElo "2237"]
[EventDate "2022.08.20"]
[PlyCount "92"]

1.e4 e5 2.Nf3 Nc6 3.Bb5 a6 4.Ba4 Nf6 5.O-O b5 6.Bb3 Be7 7.Re1 d6 8.c3 O-O 
9.h3 Nb8 10.d4 Nbd7 11.a4 Bb7 12.Bc2 Re8 13.d5 c6 14.dxc6 Bxc6 15.Bg5 h6 
16.Bh4 Qb6 17.axb5 axb5 18.Nbd2 Qb7 19.Bg3 Nc5 20.Rxa8 Rxa8 21.Qb1 b4 22.
cxb4 Qxb4 23.b3 Qc3 24.Re3 Qa1 25.b4 Ncxe4 26.Nxe4 Bxe4 27.Rxe4 Nxe4 28.
Bxe4 Qxb1+ 29.Bxb1 Ra1 30.Nd2 Bg5 31.f4 exf4 32.h4 Bf6 33.Bxf4 Bc3 34.Kf2 
Bxd2 35.Bxd2 Rxb1 36.Ke3 Kf8 37.g3 Ke7 38.Kd3 Kd7 39.Kc4 Kc6 40.Bf4 f6 41.
Be3 g5 42.h5 d5+ 43.Kc3 Rh1 44.Kd4 Rxh5 45.b5+ Kxb5 46.Kxd5 Rh3 0-1

[Event "22nd EUR-ch (w)"]
[Site "Prague CZE"]
[Date "2022.08.30"]
[Round "10.38"]
[White "Hrebenshchykova, Yelyzaveta"]
[Black "Vega Gutierrez, Sabrina"]
[Result "1-0"]
[WhiteElo "2123"]
[BlackElo "2366"]
[EventDate "2022.08.20"]
[PlyCount "93"]

1.e4 c5 2.Nf3 e6 3.d4 cxd4 4.Nxd4 Nf6 5.Nc3 d6 6.Bc4 Be7 7.Be3 O-O 8.Bb3 
Nc6 9.Qe2 e5 10.Nf5 Bxf5 11.exf5 d5 12.O-O-O d4 13.Bg5 Qc8 14.Bxf6 Bxf6 
15.Nd5 Qxf5 16.g4 Bg5+ 17.Kb1 Qd7 18.h4 Bd8 19.g5 Re8 20.Qh5 Kh8 21.f4 e4 
22.f5 Qxf5 23.Rdf1 Qg6 24.Qd1 e3 25.Nf4 Qe4 26.Bxf7 Bc7 27.Ng6+ Qxg6 28.
Bxg6 e2 29.Qc1 exf1=Q 30.Qxf1 hxg6 31.h5 Ne5 32.hxg6+ Kg8 33.Qh3 Nxg6 34.
Qb3+ Kf8 35.Qxb7 Rac8 36.a4 Bf4 37.Qa6 Kf7 38.Qxa7+ Rc7 39.Qxd4 Re5 40.Rf1
Rf5 41.a5 Rcc5 42.a6 Rfd5 43.Rxf4+ Nxf4 44.Qxf4+ Rf5 45.Qa4 Ra5 46.Qc4+ 
Kg6 47.b4 1-0

[Event "22nd EUR-ch (w)"]
[Site "Prague CZE"]
[Date "2022.08.30"]
[Round "10.39"]
[White "Zimina, Olga"]
[Black "Lhotska, Anna"]
[Result "0-1"]
[WhiteElo "2340"]
[BlackElo "2081"]
[EventDate "2022.08.20"]
[PlyCount "116"]

1.d4 d5 2.Bg5 h6 3.Bh4 g5 4.Bg3 Bg7 5.e3 c5 6.c3 Nf6 7.Nd2 Bf5 8.Qb3 b6 9.
Bb5+ Kf8 10.Be2 h5 11.Ngf3 g4 12.Nh4 Bh7 13.dxc5 bxc5 14.Qb7 Nbd7 15.Bc7 
Qc8 16.Ba6 Qxb7 17.Bxb7 Re8 18.Nb3 c4 19.Na5 Nc5 20.O-O Nxb7 21.Nxb7 Bd3 
22.Rfe1 Nd7 23.Rad1 Rc8 24.Bg3 Rc6 25.Rd2 Bf6 26.Rc1 Rb6 27.Na5 Nc5 28.f3 
Na4 29.Rf2 Rxb2 30.Rxb2 Nxb2 31.Nc6 Rg8 32.Ne5 Bxh4 33.Bxh4 f6 34.fxg4 
fxe5 35.gxh5 Rg4 36.Bg3 Rg5 37.h6 Rh5 38.h3 Kf7 39.Kh2 Ke6 40.Rg1 Rxh6 41.
Be1 Rf6 42.g4 Rf1 43.Rxf1 Bxf1 44.Kg3 Nd1 45.Bd2 d4 46.exd4 exd4 47.cxd4 
c3 48.Bf4 c2 49.h4 Nc3 50.Kf2 Bh3 51.g5 Nxa2 52.Kg3 Bf5 53.h5 c1=Q 54.Bxc1
Nxc1 55.Kf4 Ne2+ 56.Ke3 Ng3 57.h6 Ne4 58.Kf4 Bg6 0-1

[Event "22nd EUR-ch (w)"]
[Site "Prague CZE"]
[Date "2022.08.30"]
[Round "10.40"]
[White "Huda, Maryana"]
[Black "Garcia Martin, Marta"]
[Result "1/2-1/2"]
[WhiteElo "2128"]
[BlackElo "2305"]
[EventDate "2022.08.20"]
[PlyCount "81"]

1.e4 c5 2.c3 Nf6 3.e5 Nd5 4.Nf3 d6 5.Bc4 dxe5 6.Nxe5 e6 7.d4 cxd4 8.Qxd4 
Be7 9.Bb5+ Kf8 10.O-O f6 11.Nf3 Nc7 12.Qxd8+ Bxd8 13.Rd1 Be7 14.Bc4 e5 15.
Be3 Nc6 16.a4 Na5 17.Ba2 Be6 18.Bxe6 Nxe6 19.Nbd2 b6 20.b4 Nb7 21.Nc4 Kf7 
22.Rd7 Rhb8 23.a5 bxa5 24.Nxa5 Nxa5 25.Rxa5 a6 26.Nd2 Ke8 27.Rd3 Rc8 28.
Kf1 Nc7 29.Nc4 Nd5 30.Rdxd5 Rxc4 31.b5 Rxc3 32.bxa6 Bd8 33.Ra2 Rb3 34.a7 
Bb6 35.Bxb6 Rxb6 36.h4 Rb7 37.Rda5 h5 38.Ke2 Rd7 39.Ke3 Kf7 40.R2a4 Ke6 
41.Ke4 1/2-1/2

[Event "22nd EUR-ch (w)"]
[Site "Prague CZE"]
[Date "2022.08.30"]
[Round "10.41"]
[White "Koridze, Lile"]
[Black "Richterova, Natasa"]
[Result "1/2-1/2"]
[WhiteElo "2081"]
[BlackElo "2215"]
[EventDate "2022.08.20"]
[PlyCount "132"]

1.d4 Nf6 2.c4 g6 3.Nc3 d5 4.cxd5 Nxd5 5.e4 Nxc3 6.bxc3 Bg7 7.Nf3 c5 8.Bb5+
Nc6 9.O-O O-O 10.Bxc6 bxc6 11.Ba3 cxd4 12.cxd4 Bg4 13.Bc5 Re8 14.e5 Qd5 
15.h3 Bf5 16.Re1 Qd7 17.Qe2 h6 18.Rac1 Be6 19.Rc3 Reb8 20.Ra3 Rb5 21.Qc2 
a5 22.Nd2 Qb7 23.Nc4 Bf8 24.Rc1 Bf5 25.Qd2 Qa6 26.Ra4 Be6 27.Qc3 Bd5 28.
Qa3 Bxc4 29.Raxc4 Qb7 30.Qg3 Qd7 31.a4 Rb7 32.Ba3 Ra6 33.Qf3 Rbb6 34.Bc5 
Rb8 35.R4c3 h5 36.Qf4 Raa8 37.Ba3 Rc8 38.Qe4 Ra6 39.Qd3 Raa8 40.Qe4 Ra6 
41.e6 Qxe6 42.Qxe6 fxe6 43.Bc5 Bg7 44.Re1 Kf7 45.Rce3 Rc7 46.Rxe6 Bf6 47.
d5 cxd5 48.Rxa6 Rxc5 49.Ra7 d4 50.Kf1 Kf8 51.Rd1 Kf7 52.Ra6 Ke8 53.Ke2 Kf7
54.Rd3 Re5+ 55.Kd1 Rc5 56.Rb3 Rg5 57.g3 Rf5 58.Ke2 Re5+ 59.Kd2 Rf5 60.f4 
h4 61.g4 Rxf4 62.Rxa5 Rf2+ 63.Kd3 Rh2 64.Ke4 Re2+ 65.Kd5 Rg2 66.Rf3 g5 
1/2-1/2

[Event "22nd EUR-ch (w)"]
[Site "Prague CZE"]
[Date "2022.08.30"]
[Round "10.42"]
[White "Vanduyfhuys, Daria"]
[Black "Terbe, Zsuzsanna"]
[Result "0-1"]
[WhiteElo "2054"]
[BlackElo "2196"]
[EventDate "2022.08.20"]
[PlyCount "76"]

1.d4 d5 2.c4 c6 3.Nf3 Nf6 4.g3 Bf5 5.Nc3 e6 6.Nh4 dxc4 7.Bg2 Nbd7 8.O-O 
Bg4 9.Qc2 Nb6 10.Rd1 Be7 11.Nf3 Nfd5 12.Ne5 Bh5 13.g4 Bg6 14.e4 Nb4 15.Qe2
Nd3 16.Nxd3 cxd3 17.Rxd3 h5 18.Rh3 Qxd4 19.gxh5 Bh7 20.Be3 Qc4 21.Qe1 Bf6 
22.Rc1 Qb4 23.a3 Qxb2 24.e5 Be7 25.Rg3 Bf8 26.Bd4 Rd8 27.Rg4 Qb3 28.Bf3 
Bf5 29.Rf4 Be7 30.Bd1 Qxa3 31.Ne2 Nd5 32.Ra1 Qh3 33.Rxf5 exf5 34.f4 Rxh5 
35.Qf2 Rh6 36.Rxa7 Bh4 37.Qg2 Rg6 38.Ng3 Qxg2+ 0-1

[Event "22nd EUR-ch (w)"]
[Site "Prague CZE"]
[Date "2022.08.30"]
[Round "10.43"]
[White "Svobodova, Michaela"]
[Black "Lehaci, Miruna-Daria"]
[Result "1/2-1/2"]
[WhiteElo "1943"]
[BlackElo "2186"]
[EventDate "2022.08.20"]
[PlyCount "86"]

1.e4 c5 2.Nf3 Nc6 3.Bb5 g6 4.O-O Bg7 5.Re1 e5 6.Bxc6 dxc6 7.h3 Qe7 8.d3 
Nf6 9.a4 a5 10.Na3 Nd7 11.Nc4 b6 12.Bg5 f6 13.Be3 Ba6 14.Nfd2 O-O 15.f4 f5
16.Qf3 Qe6 17.Re2 fxe4 18.Qxe4 Qd5 19.Nxe5 Qxe4 20.Nxe4 Nxe5 21.fxe5 Bxe5 
22.Nc3 Bg7 23.Rae1 Rae8 24.Bf2 Rxe2 25.Rxe2 Kf7 26.Bh4 Bd4+ 27.Bf2 Bf6 28.
Be3 Re8 29.Kf2 Rd8 30.Kf3 Bg7 31.Bf2 Rd7 32.Re4 Re7 33.Rxe7+ Kxe7 34.Ke4 
Bc8 35.Bh4+ Ke8 36.Bg3 Bf5+ 37.Ke3 Kd7 38.Bf4 h5 39.Bb8 Be6 40.Kf4 Bh6+ 
41.Ke5 Bg7+ 42.Kf4 Bh6+ 43.Ke5 Bg7+ 1/2-1/2

[Event "22nd EUR-ch (w)"]
[Site "Prague CZE"]
[Date "2022.08.30"]
[Round "10.44"]
[White "Tsotsonava, Elene"]
[Black "Toncheva, Nadya"]
[Result "0-1"]
[WhiteElo "1858"]
[BlackElo "2164"]
[EventDate "2022.08.20"]
[PlyCount "112"]

1.e4 c5 2.Nf3 Nc6 3.d4 cxd4 4.Nxd4 e6 5.Nc3 Qc7 6.Be3 a6 7.Qd2 Nf6 8.O-O-O
Be7 9.f3 b5 10.g4 Nxd4 11.Bxd4 Bb7 12.Kb1 O-O 13.Bxf6 Bxf6 14.Qxd7 Qb6 15.
Qd2 b4 16.Ne2 Rad8 17.Qe1 Bc3 18.Nxc3 bxc3 19.b3 Qc5 20.Bc4 Rxd1+ 21.Qxd1 
Qa5 22.Qd3 Rd8 23.Qe3 Rd2 24.h4 e5 25.h5 h6 26.Rg1 Rd4 27.a3 Qc5 28.Qxc3 
Rxc4 29.Qxc4 Qxg1+ 30.Ka2 Qb6 31.Kb1 Qd6 32.b4 Kf8 33.Qb3 Bc8 34.Kc1 Be6 
35.Qa4 Bc4 36.Qa5 Be2 37.a4 Kg8 38.b5 axb5 39.axb5 Bxf3 40.Qa8+ Kh7 41.c4 
Qd1+ 42.Kb2 Qd4+ 43.Kb3 Bxe4 44.Qe8 Qd1+ 45.Kb4 Qd2+ 46.Kc5 Qd4+ 47.Kb4 
Qb2+ 48.Kc5 Qa3+ 49.Kb6 Qd6+ 50.Ka5 Qc5 51.Qxf7 Bd3 52.Qd5 Qxc4 53.Qxe5 
Qxg4 54.b6 Be4 55.Qc7 Qxh5+ 56.Ka6 Qe2+ 0-1

[Event "22nd EUR-ch (w)"]
[Site "Prague CZE"]
[Date "2022.08.30"]
[Round "10.45"]
[White "Ibrahimova, Sabina"]
[Black "Folkova, Martina"]
[Result "1-0"]
[WhiteElo "2146"]
[BlackElo "1991"]
[EventDate "2022.08.20"]
[PlyCount "63"]

1.e4 e5 2.Nf3 Nc6 3.Bb5 Nge7 4.O-O g6 5.c3 Bg7 6.d4 exd4 7.cxd4 d5 8.Bxc6+
bxc6 9.e5 c5 10.dxc5 O-O 11.Re1 Rb8 12.Nd4 h6 13.Nc3 c6 14.a3 Qc7 15.Bf4 
g5 16.Bg3 Rxb2 17.Qc1 Rb7 18.f4 g4 19.Qc2 Qa5 20.Nce2 f6 21.e6 f5 22.Bf2 
Qc7 23.Ra2 Qb8 24.Qc1 a5 25.Ng3 a4 26.Rae2 Rb3 27.Ngxf5 Nxf5 28.Nxf5 Rc3 
29.Qd1 Qxf4 30.Ne7+ Kh7 31.Qb1+ Rf5 32.Qxf5+ 1-0

[Event "22nd EUR-ch (w)"]
[Site "Prague CZE"]
[Date "2022.08.30"]
[Round "10.46"]
[White "Butenandt, Svenja"]
[Black "Sedina, Elena"]
[Result "1-0"]
[WhiteElo "2032"]
[BlackElo "2213"]
[EventDate "2022.08.20"]
[PlyCount "61"]

1.d4 d5 2.c4 c6 3.Nc3 Nf6 4.Nf3 dxc4 5.a4 e6 6.e3 c5 7.Bxc4 Nc6 8.O-O cxd4
9.Nxd4 Bd7 10.e4 Nxd4 11.Qxd4 Bc6 12.Qe3 Qa5 13.Rd1 Qe5 14.Qf3 Bd6 15.g3 
Nxe4 16.Nxe4 Bxe4 17.Bb5+ Ke7 18.Qg4 Qf5 19.Qxg7 Rhg8 20.Qd4 Bc5 21.Qd7+ 
Kf6 22.Qd2 Rad8 23.Qc3+ Kg6 24.Bf4 b6 25.Re1 f6 26.Be2 Qxf4 27.gxf4 Kf5+ 
28.Qg3 h5 29.Bxh5 Rxg3+ 30.hxg3 Rd2 31.Re2 1-0

[Event "22nd EUR-ch (w)"]
[Site "Prague CZE"]
[Date "2022.08.30"]
[Round "10.47"]
[White "Richtrova, Eliska"]
[Black "Schloffer, Jasmin-Denise"]
[Result "1/2-1/2"]
[WhiteElo "2204"]
[BlackElo "2127"]
[EventDate "2022.08.20"]
[PlyCount "98"]

1.Nf3 Nf6 2.e3 e6 3.b3 b6 4.Bb2 Bb7 5.Be2 d5 6.O-O Bd6 7.Ne5 O-O 8.f4 Nbd7
9.Qe1 c5 10.Qg3 Ne4 11.Qh3 f5 12.d3 Nef6 13.Nd2 Rc8 14.c4 dxc4 15.bxc4 Qe8
16.Bd1 Nb8 17.Ndf3 Na6 18.Bc3 Rd8 19.Rc1 Nc7 20.Qg3 a6 21.Qe1 b5 22.a3 Rb8
23.Rb1 Qe7 24.Rf2 bxc4 25.Nxc4 Ba8 26.Rfb2 Rxb2 27.Rxb2 Ncd5 28.Be5 Bxe5 
29.Nfxe5 Qc7 30.Ba4 h6 31.h3 Rd8 32.Rb3 Ne8 33.Qg3 Nd6 34.Qg6 Nf6 35.Nxd6 
Rxd6 36.Be8 Bd5 37.Qf7+ Qxf7 38.Bxf7+ Kf8 39.Rb8+ Ke7 40.Rc8 Nd7 41.Bh5 
Nxe5 42.fxe5 Rc6 43.Re8+ Kd7 44.Rg8 Rb6 45.Rxg7+ Kd8 46.Be2 Rb1+ 47.Kf2 
Rb2 48.Ke1 Rb1+ 49.Kf2 Rb2 1/2-1/2

[Event "22nd EUR-ch (w)"]
[Site "Prague CZE"]
[Date "2022.08.30"]
[Round "10.48"]
[White "Bashylina, Luisa"]
[Black "Kucharska, Honorata"]
[Result "1/2-1/2"]
[WhiteElo "2018"]
[BlackElo "2193"]
[EventDate "2022.08.20"]
[PlyCount "53"]

1.d4 d5 2.c4 e6 3.Nc3 Bb4 4.e3 Nf6 5.Bd2 O-O 6.Nf3 Nc6 7.Bd3 dxc4 8.Bxc4 
a6 9.O-O Bd6 10.a4 e5 11.dxe5 Nxe5 12.Nxe5 Bxe5 13.f4 Bd6 14.Qc2 Bc5 15.
Rae1 Qe7 16.Nd5 Nxd5 17.Bxd5 Rd8 18.Bf3 Bf5 19.Qxf5 Rxd2 20.Bxb7 Rb8 21.b3
g6 22.Qh3 Rd3 23.Bxa6 Rdxb3 24.f5 Rxe3 25.Rxe3 Qxe3+ 26.Qxe3 Bxe3+ 27.Kh1 
1/2-1/2

[Event "22nd EUR-ch (w)"]
[Site "Prague CZE"]
[Date "2022.08.30"]
[Round "10.49"]
[White "Polterauer, Chiara"]
[Black "Sankova, Stella"]
[Result "1-0"]
[WhiteElo "2183"]
[BlackElo "2067"]
[EventDate "2022.08.20"]
[PlyCount "75"]

1.e4 c5 2.Nf3 d6 3.d4 cxd4 4.Nxd4 Nf6 5.Nc3 a6 6.h3 e5 7.Nde2 h5 8.Bg5 Be6
9.Bxf6 Qxf6 10.Nd5 Qd8 11.Qd3 Nd7 12.Nec3 g6 13.O-O-O Nc5 14.Qe2 Bh6+ 15.
Kb1 O-O 16.h4 b5 17.f3 Rb8 18.a3 Bd7 19.g4 a5 20.b4 axb4 21.axb4 Na4 22.
Nxa4 bxa4 23.gxh5 gxh5 24.Bh3 Be6 25.c3 Bxd5 26.Rxd5 Qc7 27.Qd3 Bf4 28.
Rxd6 Rbd8 29.Rd1 Rxd6 30.Qxd6 Qa7 31.Qc5 Qxc5 32.bxc5 Rb8+ 33.Kc2 a3 34.c6
Rb2+ 35.Kd3 a2 36.Ra1 Rd2+ 37.Kc4 Rd6 38.Kc5 1-0

[Event "22nd EUR-ch (w)"]
[Site "Prague CZE"]
[Date "2022.08.30"]
[Round "10.50"]
[White "Ciolacu, Alessia-Mihaela"]
[Black "Sochorova, Petra"]
[Result "1-0"]
[WhiteElo "2169"]
[BlackElo "2019"]
[EventDate "2022.08.20"]
[PlyCount "77"]

1.d4 Nf6 2.c4 e6 3.Nf3 Bb4+ 4.Nbd2 b6 5.a3 Bxd2+ 6.Qxd2 Bb7 7.e3 d6 8.Bd3 
Nbd7 9.O-O O-O 10.Qc2 e5 11.e4 h6 12.Re1 Re8 13.b3 exd4 14.Nxd4 Nc5 15.f3 
d5 16.cxd5 Bxd5 17.Rd1 Nxd3 18.Qxd3 Bb7 19.Bb2 Nh5 20.Qc3 Qg5 21.Nf5 Bc8 
22.h4 Qg6 23.g4 Nf6 24.Rd8 Kh7 25.h5 Qg5 26.Bc1 Nxe4 27.Bxg5 Nxc3 28.Rxe8 
hxg5 29.Kf2 Nd5 30.Rae1 Bb7 31.Rxa8 Bxa8 32.Re8 Bc6 33.Rf8 Nf4 34.Rxf7 Ne6
35.h6 Kg8 36.Re7 Bd5 37.hxg7 Nf4 38.Re8+ Kh7 39.Rh8+ 1-0

[Event "22nd EUR-ch (w)"]
[Site "Prague CZE"]
[Date "2022.08.30"]
[Round "10.51"]
[White "Levitan, Ronit"]
[Black "Dvorakova, Olga"]
[Result "1/2-1/2"]
[WhiteElo "2158"]
[BlackElo "1921"]
[EventDate "2022.08.20"]
[PlyCount "85"]

1.e4 c6 2.d4 d5 3.exd5 cxd5 4.Bd3 Nc6 5.c3 Qc7 6.h3 e6 7.Ne2 Bd6 8.Bg5 
Nge7 9.Qd2 f6 10.Bf4 e5 11.Bg3 O-O 12.O-O a6 13.Qd1 Be6 14.Nd2 e4 15.Bxd6 
Qxd6 16.Bc2 f5 17.f4 Rac8 18.a3 Kh8 19.Qe1 Bf7 20.Qf2 Nd8 21.Bb3 Ne6 22.
Ba2 Be8 23.g3 Bb5 24.h4 Qb6 25.Bb3 Rfd8 26.Rfe1 Bxe2 27.Rxe2 Nc6 28.Rb1 a5
29.Ba2 a4 30.Nf1 g6 31.Kh1 h5 32.Ne3 Ne7 33.Rd2 Qa6 34.c4 dxc4 35.d5 Ng7 
36.d6 Rxd6 37.Rxd6 Qxd6 38.Nxc4 Qd3 39.Ne5 Qc2 40.Nf7+ Kh7 41.Ng5+ Kh6 42.
Nf7+ Kh7 43.Ng5+ 1/2-1/2